000 00460nam a2200181Ia 4500
001 19389
005 20260306172649.0
008 260306t2014||||xx |||||||||||||| ||spa||
041 _aESP
082 _a658.872
_bCH51
100 _aChaffey, Dave
_eAUT
245 0 _aMarketing digital:
_bestrategia, implementación y práctica
260 _c2014
300 _axxvii, 553 páginas :
_c28 cm.
650 _aGEN
654 _aCAN
942 _cLIB
_dJUS
_fJUS
_2ddc
_n
999 _c19389
_d19389